LEADER 00975nam0-22003491i-450 001 990001794110403321 005 20191122085632.0 010 $a88-7019-967-3 035 $a000179411 035 $aFED01000179411 035 $a(Aleph)000179411FED01 035 $a000179411 100 $a20021010d1995----km-y0itay50------ba 101 0 $aita 200 1 $aArachnida Acari$fFabio Bernini, Marisa Castagnoli, Roberto Nannelli. 210 $aBologna$cEd. Calderini$d1995 215 $a131 p.$d24 cm 225 1 $aChecklist delle specie della fauna italiana$v24 610 0 $aMetastigmata 610 0 $aAcarina 676 $a595.42 700 1$aBernini,$bFabio$078596 702 1$aCastagnoli,$bMarisa 702 1$aNannelli,$bRoberto 801 0$aIT$bUNINA$gRICA$2UNIMARC 901 $aBK 912 $a990001794110403321 952 $a60 591 FAUITA 1995 (024)$b5545$fFAGBC 959 $aFAGBC 996 $aArachnida Acari$9408458 997 $aUNINA DB $aING01 LEADER 03019nam 2200733Ia 450 001 9910451148103321 005 20200520144314.0 010 $a0-19-756061-X 010 $a1-280-52747-1 010 $a0-19-535818-X 010 $a1-4294-1548-7 035 $a(CKB)1000000000406697 035 $a(EBL)271356 035 $a(OCoLC)191948492 035 $a(SSID)ssj0000142968 035 $a(PQKBManifestationID)11152468 035 $a(PQKBTitleCode)TC0000142968 035 $a(PQKBWorkID)10097649 035 $a(PQKB)11508795 035 $a(MiAaPQ)EBC271356 035 $a(StDuBDS)EDZ0002340603 035 $a(PPN)158299663 035 $a(Au-PeEL)EBL271356 035 $a(CaPaEBR)ebr10142330 035 $a(CaONFJC)MIL52747 035 $a(OCoLC)935260402 035 $a(EXLCZ)991000000000406697 100 $a19950317d1996 uy 0 101 0 $aeng 135 $aur|n|---||||| 181 $ctxt 182 $cc 183 $acr 200 10$aEcologies of the heart$b[electronic resource] $eemotion, belief, and the environment /$fE.N. Anderson 210 $aNew York $cOxford University Press$d1996 215 $a1 online resource (271 p.) 225 1 $aOxford scholarship online 300 $aPreviously issued in print: 1996. 311 $a0-19-509010-1 320 $aIncludes bibliographical references (p. [215]-233) and index. 327 $aContents; 1. Landscape with Figures; 2. Feng-shui: Ideology and Ecology; 3. Chinese Nutritional Therapy; 4. Learning from the Land Otter: Religious Representation of Traditional Resource Management; 5. Managing the Rainforest: Maya Agriculture in the Town of the Wild Plums; 6. Needs and Human Nature; 7. Information Processing: Rational and Irrational Transcended; 8. Culture: Ecology in a Wider Context; 9. In and Out of Institutions; 10. The Disenchanted: Religion as Ecological Control, and Its Modern Fate; 11. A Summary, and Some Suggestions; Notes; References; Index; A; B; C; D; E; F; G; H 327 $aIJ; K; L; M; N; O; P; Q; R; S; T; U; V; W; Y; Z 330 8 $aIn Ecologies of the Heart, Anderson reveals how religion and other folk beliefs helped pre-industrial peoples control and protect their resources. He also presents a coherent view of long-term, sustainable policies for the environment. 410 0$aOxford scholarship online. 606 $aEnvironmental policy 606 $aEnvironmental protection 606 $aHuman ecology 606 $aEnvironmental sciences$xPhilosophy 608 $aElectronic books. 615 0$aEnvironmental policy. 615 0$aEnvironmental protection. 615 0$aHuman ecology. 615 0$aEnvironmental sciences$xPhilosophy. 676 $a333.717 676 $a363.7 676 $a574.5 700 $aAnderson$b Eugene N$g(Eugene Newton),$f1941-$0777738 801 0$bMiAaPQ 801 1$bMiAaPQ 801 2$bMiAaPQ 906 $aBOOK 912 $a9910451148103321 996 $aEcologies of the heart$92187442 997 $aUNINA LEADER 01044nam a22002531i 4500 001 991002293959707536 005 20040229200421.0 008 040407s1974 gw |||||||||||||||||ger 035 $ab12900692-39ule_inst 035 $aARCHE-088031$9ExL 040 $aDip.to Filologia Class. e Scienze Filosofiche$bita$cA.t.i. Arché s.c.r.l. Pandora Sicilia s.r.l. 082 04$a937.05 100 1 $aRaaflaub, Kurt A.$0154102 245 10$aDignitatis contentio :$bStudien zur motivation und politischen Taktik im Bürgerkrieg zwischen Caesar und Pompeius /$cKurt Raaflaub 260 $aMunchen :$bBeck'sche,$c1974 300 $aXVI, 358 p. ;$c24 cm 440 0$aVestigia ;$v20 651 4$aRoma antica$xStoria$xGuerra civile. 49-46 a.C. 907 $a.b12900692$b02-04-14$c16-04-04 912 $a991002293959707536 945 $aLE007 937 RAA 01.01$g1$i2015000081834$lle007$o-$pE0.00$q-$rl$s- $t0$u1$v0$w1$x0$y.i13465909$z16-04-04 996 $aDignitatis contentio$9306252 997 $aUNISALENTO 998 $ale007$b16-04-04$cm$da $e-$fger$ggw $h0$i1